00346pab a2200133 454500008004000000100002300040245004400063260000900107300001100116362001400127650003800141700001300179773002000192180718b1984 xxu||||| |||| 00| 0 eng d aNagchaudhuri, B.D. aPopulation, environment and world order c1984 a212-17 aApr.-June aPopulation - Underdeveloped Areas aS. Bhatt aIndia Quarterly